Economic and Commercial News (Record no. 3525)

MARC details
000 -LEADER
fixed length control field 00403nam a2200133Ia 4500
022 ## - INTERNATIONAL STANDARD SERIAL NUMBER
ISSN 0970-0560
245 #0 - TITLE STATEMENT
Title Economic and Commercial News
260 ## - PUBLICATION, DISTRIBUTION, ETC. (IMPRINT)
Name of publisher Director of Commercial Publicity
Place of publication New Delhi
500 ## - GENERAL NOTE
General note Ending Volume & Year: 5, 1975
500 ## - GENERAL NOTE
General note Missing Volume: 3;4;1(30,31);5(41- )
500 ## - GENERAL NOTE
General note Starting Volume & Year: 1, 1971
942 ## - ADDED ENTRY ELEMENTS (KOHA)
Koha item type Bound Journal
Holdings
Withdrawn status Lost status Damaged status Not for loan Home library Current library Date acquired Accession Number Koha item type
      Bound journals RRII Library RRII Library 31/12/2021 03490J Bound Journal